000 00571cam a22002053a 4500
001 45037
003 PGUSA
005 20140828084029.0
008 140228s2014||||xxu|||||s|||||000 | eng d
040 _aPGUSA
_beng
042 _adc
100 1 _aChotzner, Joseph
245 1 0 _aHebrew Humor and other Essays
_h[electronic resource] /
_cJoseph Chotzner
260 _bProject Gutenberg,
_c2014
506 _aPublic domain in the USA.
516 _aElectronic text
830 0 _aProject Gutenberg
_v45037
856 4 0 _uhttp://www.gutenberg.org/ebooks/45037
942 _cEB
999 _c274288
_d274288